[Event "20. Abierto de la Constitucion 2018"]
[Site "S. S. de los Reyes ESP"]
[Date "2018.12.09"]
[Round "9.28"]
[White "Pindado Del Carmen, Eliseo"]
[Black "Martin Rodriguez, Jose Luis"]
[Result "1-0"]
[WhiteElo "1525"]
[BlackElo "1270"]
[PlyCount "101"]
[EventDate "2018.12.01"]
[EventType "swiss"]
[EventRounds "9"]
[EventCountry "ESP"]
[SourceTitle "Ajedrez en Madrid"]
[Source "lmi"]
[SourceDate "2018.12.01"]

1. d4 Nf6 2. c4 e6 3. Nc3 Bb4 4. Bg5 h6 5. Bh4 g5 6. Bg3 Ne4 7. Qc2 Nxg3 8.
hxg3 Nc6 9. e3 b6 10. Nf3 Bb7 11. a3 Be7 12. d5 Nb8 13. O-O-O Bd6 14. Nb5 Qf6
15. Nxd6+ cxd6 16. Nd4 Na6 17. Kb1 Ke7 18. e4 Rac8 19. Nb5 Ra8 20. b4 Rhc8 21.
Qb2 Qxb2+ 22. Kxb2 Rh8 23. Rh5 Kd8 24. Nxd6 Ke7 25. Nxb7 Rab8 26. Be2 Rxb7 27.
Rdh1 Rhb8 28. Rxh6 Nc5 29. f3 a5 30. b5 a4 31. g4 Nb3 32. R1h5 Rg8 33. Rh8 Rg6
34. Ra8 Nc5 35. Kc3 Kf6 36. Bd1 Ke5 37. g3 exd5 38. exd5 Kd6 39. Bc2 Rf6 40.
Bf5 Ke5 41. Re8+ Kd6 42. Rxg5 Rh6 43. Rh5 Rf6 44. Rh7 Rc7 45. Re1 Nb3 46. Rd1
Kc5 47. Rh8 Rd6 48. Be4 Rf6 49. f4 d6 50. g5 Re7 51. Rc8+ 1-0

[Event "20. Abierto de la Constitucion 2018"]
[Site "S. S. de los Reyes ESP"]
[Date "2018.12.09"]
[Round "9.29"]
[White "Gallego Romero, Manuel"]
[Black "Salgado Nogal, Marcos"]
[Result "0-1"]
[WhiteElo "1478"]
[BlackElo "1533"]
[PlyCount "130"]
[EventDate "2018.12.01"]
[EventType "swiss"]
[EventRounds "9"]
[EventCountry "ESP"]
[SourceTitle "Ajedrez en Madrid"]
[Source "lmi"]
[SourceDate "2018.12.01"]

1. e4 e5 2. Bc4 Nf6 3. d3 Bc5 4. Nf3 d6 5. h3 h6 6. O-O O-O 7. a3 Nc6 8. b4 Bb6
9. Nc3 Be6 10. Nd5 Bxd5 11. Bxd5 Qd7 12. Nh4 Nxd5 13. exd5 Ne7 14. c4 Bd4 15.
Ra2 a6 16. Re2 Nf5 17. Nxf5 Qxf5 18. Re4 Kh8 19. Be3 Bxe3 20. fxe3 Qg5 21. h4
Qe7 22. Rg4 f5 23. Rg3 Qxh4 24. Rh3 Qg4 25. Rhf3 Rf6 26. e4 f4 27. R1f2 Rg6 28.
d4 Qh5 29. c5 Rg3 30. dxe5 dxe5 31. d6 Rd8 32. Qd5 c6 33. Qd3 Rxf3 34. Rxf3 Qf7
35. Qc2 Rd7 36. Qc3 Qe6 37. Qc2 Kh7 38. Qc3 g5 39. Qe1 Qc4 40. Rc3 Qd4+ 41. Kh2
Kg6 42. g4 Rf7 43. Rf3 Qb2+ 44. Kh3 Qd4 45. Qe2 Rd7 46. Kg2 Qa1 47. Qc2 Qd4 48.
Qe2 Qa1 49. Qc2 Qe1 50. Qd3 Qh4 51. Qf1 Qxg4+ 52. Kf2 h5 53. Qh3 Qxh3 54. Rxh3
g4 55. Rh1 Kg5 56. Rd1 h4 57. a4 h3 58. b5 axb5 59. axb5 Kh4 60. bxc6 bxc6 61.
Rg1 g3+ 62. Kf3 h2 63. Rd1 Kh3 64. Ke2 g2 65. Rd3+ Kg4 0-1

[Event "20. Abierto de la Constitucion 2018"]
[Site "S. S. de los Reyes ESP"]
[Date "2018.12.09"]
[Round "9.31"]
[White "Mochon Bernal, Jorge"]
[Black "Medina Balenciaga, Patricio"]
[Result "1-0"]
[WhiteElo "1439"]
[BlackElo "1408"]
[PlyCount "93"]
[EventDate "2018.12.01"]
[EventType "swiss"]
[EventRounds "9"]
[EventCountry "ESP"]
[SourceTitle "Ajedrez en Madrid"]
[Source "lmi"]
[SourceDate "2018.12.01"]

1. f4 e6 2. Nf3 Be7 3. Nc3 Nf6 4. e3 d5 5. d4 Bb4 6. Bd2 Nc6 7. Bd3 Bd7 8. O-O
Ng4 9. Qe1 O-O 10. h3 Nf6 11. Ne5 a6 12. Na4 Bxd2 13. Qxd2 Nxe5 14. fxe5 Ne4
15. Bxe4 Bxa4 16. Bd3 f6 17. exf6 Rxf6 18. e4 dxe4 19. Bxe4 Rb8 20. Qe3 Qf8 21.
Bd3 Bc6 22. Rae1 Re8 23. Qe5 Qe7 24. Bc4 Bd5 25. Bxd5 Rxf1+ 26. Kxf1 Rf8+ 27.
Kg1 Kh8 28. Qxe6 Qh4 29. Qe5 h6 30. Bxb7 Qf6 31. c3 Qb6 32. Qe7 Rb8 33. Be4 Qb5
34. Bc2 Kg8 35. Bb3+ Kh8 36. Qe4 Rf8 37. Bc2 Kg8 38. Qh7+ Kf7 39. Rf1+ Ke7 40.
Rxf8 Kxf8 41. Qf5+ Qxf5 42. Bxf5 Ke7 43. Kf2 Kf6 44. Bd3 a5 45. Kf3 g5 46. g4
Ke6 47. Ke4 1-0